000
00221nam a22000857a 4500
008
170612b xxu||||| |||| 00| 0 eng d
100
_9
3347
_a
Sharma. S. N
245
_a
Mental Mathematics - 3
260
_a
New Delhi
_b
G. B. P
_c
2009
999
_c
6677
_d
6677